KOHA-Header-6

Sarkari Idaroun Ki Islah (Record no. 8451)

000 -LEADER
fixed length control field 00265nam a2200109Ia 4500
100 ## - MAIN ENTRY--AUTHOR NAME
Personal name Dr. Doctor Abdulwahab
245 #0 - TITLE STATEMENT
Title Sarkari Idaroun Ki Islah
260 ## - PUBLICATION, DISTRIBUTION, ETC. (IMPRINT)
Place of publication Karachi
Name of publisher Atlantis
Year of publication 2008
300 ## - PHYSICAL DESCRIPTION
Number of Pages 288
942 ## - ADDED ENTRY ELEMENTS (KOHA)
Koha item type Books
Holdings
Withdrawn status Lost status Collection code Permanent Location Current Location Shelving location Date acquired Full call number Accession Number Koha item type
    Urdu Literature MAJU MAJU   2019-09-14 910.4 3167 Urdu Literature

Powered by Koha